Lebron Quiz - Statistics

General Stats
  • This quiz has been taken 747 times
  • The average score is 6 of 6
Answer Stats
Question Answer % Correct
when did Lebron join the NBA 2003
99%
How many mvps did he win by 2017 Three
99%
How many times was LeBron in the olympics Three
99%
What is his nickname King James
98%
What other sport was LeBron good at Football
95%
Where was LeBron Born Akron,Ohio
94%
No matching quizzes found
Score Distribution
Percent of People with Each Score
Percentile by Number Answered
Your Score History
You have not taken this quiz